000 01231nam a2200313 i 4500
003 DO-SdBNP
005 20260413090612.0
007 ta
008 260410b1990 dr ac||| |||| 00| 0 spa d
040 _aDO-SdBNP
_bspa
_cBNPHU
_erda
041 1 7 _aspa
_heng
082 4 _a759.97293
_bT649c 1990
_222
100 _aTolentino, Marianne de,
_eautor
_4aut.
_915222
245 1 0 _aCándido Bidó :
_bpintor de su tierra /
_cMarianne de Tolentino ; edición y coordinación, Cándido Bidó ; traducción, Nora Read.
264 1 _aSanto Domingo :
_bImprenta Quiñones,
_c1990.
300 _avolumen :
_bilustraciones, retratos ;
_a27 cm.
336 _atexto
_btxt
_2rdacontent
337 _asin mediación
_bn
_2rdamedia
338 _avolumen
_bnc
_2rdacarrier
500 _atexto en español e ingles
590 _aInventariado, 2026/BT
600 1 0 _aBidó, Cándido,
_d1936-2011
_xCrítica e interpretación
_929482
650 7 _aPintura dominicana
_ySiglo XX
_vCatalogos
_2LEMB
_989306
650 7 _aPintores dominicanos
_ySiglo XX
_989312
700 1 _aBidó, Cándido,
_eeditor y coordinador
_4ed. y coord.
_964619
700 1 _aRead, Nora,
_etraductor
_4tr.
_964619
910 _aBtavárez/Validado. Control de calidad MFF
942 _2ddc
_cLBS1
999 _c60535
_d60535